LEADER 03607nam 22006615 450 001 9910800137903321 005 20240214060641.0 010 $a9783779968801 010 $a3779968800 035 $a(CKB)5400000000049008 035 $a622c8ca5-0e10-4237-a86d-2349b0dd2d03 035 $a(ScCtBLL)b4d5d9b5-f32c-4b4b-9bcf-f61b91294639 035 $a(oapen)doab133585 035 $a(EXLCZ)995400000000049008 100 $a20220401d2022 ||| | 101 0 $ager 135 $auruuu---uuuuu 181 $ctxt$2rdacontent 182 $cc$2rdamedia 183 $acr$2rdacarrier 200 10$aGute Heime $eMöglichkeiten der Sichtbarmachung der Qualitäten stationärer Hilfen zur Erziehung 205 $a1. Aufl. 210 $cBeltz Juventa$d2022 210 31$aWeinheim$cBeltz Verlagsgruppe$d2022 215 $aOnline-Ressource (313 S.) 225 0 $aBeiträge zur Kinder- und Jugendhilfeforschung 300 $aPublicationDate: 20220401 311 08$a9783779968795 311 08$a3779968797 330 $aBiographical note: Kathrin Klein-Zimmer, Dr., M.A., Dipl.-Sozialädagogin, ist wissenschaftliche Mitarbeiterin im FB Erziehungswissenschaft/Sozialpädagogik der Johannes Gutenberg-Universität Mainz. Dr. Mike Seckinger, Dipl. Psych., ist wissenschaftlicher Referent in der Abteilung Jugend und Jugendhilfe am Deutschen Jugendinstitut München und dort Mitarbeiter im Projekt ?Jugendhilfe und sozialer Wandel ? Leistungen und Strukturen?. 330 $aLong description: Das Forschungsprojekt ?Gute Heime ? Möglichkeiten zur Sichtbarmachung der Qualitäten stationärer Hilfen zur Erziehung? fragt danach, woran aus Sicht der verschiedenen Akteure im Feld stationärer Jugendhilfeeinrichtungen Qualität festgemacht werden kann, wie es gelingen kann, Antworten auf die Frage zu geben, ?was denn Qualität sei?, wohlwissend, dass es keine kontextfreie Antwort dafür geben kann. Ziel des Buches ist es, wissenschaftlich fundierte und der Vielschichtigkeit der stationären Hilfen angemessene Dimensionen zur Beschreibung von Qualität zu erarbeiten. Was also ist eine ?gute? Heimerziehung? Was sind Kennzeichen eines guten Heimes? Was ist wichtig und was findet bei der Diskussion um Qualität zu wenig Beachtung? Diesen und weiteren Fragen geht das Forschungsprojekt ?Gute Heime ? Möglichkeiten zur Sichtbarmachung der Qualitäten stationärer Hilfen zur Erziehung? nach. Hierzu wurden neben einer Analyse des Fachdiskurses Befragungen der unterschiedlichen Akteure im Feld der stationären Einrichtungen zu ihrer Perspektive auf Qualität durchgeführt. 410 $aBeiträge zur Kinder- und Jugendhilfeforschung 606 $aSozialarbeit$2gnd 606 $aSozialpädagogik$2gnd 606 $aJugendhilfe$2gnd 606 $aQualität$2gnd 606 $aHeimerziehung$2gnd 610 $aHeimerziehung 610 $aJugendamt 610 $aJugendhilfe 610 $aQualita?t 610 $aSoziale Arbeit 610 $aSozialpa?dagogik 610 $athema EDItEUR::J Society and Social Sciences::JK Social services and welfare, criminology::JKS Social welfare and social services::JKSN Social work 615 07$aSozialarbeit. 615 07$aSozialpädagogik. 615 07$aJugendhilfe. 615 07$aQualität. 615 07$aHeimerziehung. 700 $aSeckinger$b Mike$4aut$0741875 702 $aBurschel$b Maria$4aut 702 $aKlein-Zimmer$b Kathrin$4aut 801 0$bScCtBLL 801 1$bScCtBLL 906 $aBOOK 912 $a9910800137903321 996 $aGute Heime$94305657 997 $aUNINA LEADER 02300nam0 22004693i 450 001 UFI0204125 005 20251003044428.0 100 $a19950512d1972 ||||0itac50 ba 101 | $aita 102 $ait 181 1$6z01$ai $bxxxe 182 1$6z01$an 183 1$6z01$anc$2RDAcarrier 200 1 $aOccupazione, retribuzione e reddito di lavoro in Italia$fAdalberto Predetti 210 $aMilano$cAngeli$dc1972 215 $a193 p.$ctab.$d22 cm 225 | $aCollana di economia$i. Ricerche di economia applicata$v3 410 0$1001SBL0547164$12001 $aCollana di economia$i. Ricerche di economia applicata$v3 500 10$aOccupazione, retribuzione e reddito di lavoro in Italia.$3MSE0072332$9CFIV034882$944686 606 $aSalari$xItalia$x1959-1969$2FIR$3SBLC076827$9I 606 $aReddito$xDistribuzione$xItalia$x1959-1969$2FIR$3SBLC076828$9I 676 $a331.0945$9ECONOMIA DEL LAVORO, RELAZIONI INDUSTRIALI. Italia$v20 676 $a331.0945$9ECONOMIA DEL LAVORO. Italia$v21 676 $a331.120945$9MERCATO DEL LAVORO. Italia$v23 676 $a331.1250945$9MANODOPERA OCCUPATA. ITALIA$v20 686 $aIT/4430.0$cECONOMIA E SOCIETA ITALIA 1968-1989$2R 686 $aIT/4430.6$cDISTRIBUZIONE DEL REDDITO ITALIA 1968-1989$2R 686 $aIT/4436.0$cLAVORO SINDACATI DEI LAVORATORI ITALIA 1968-1989$2R 686 $aIT/4436.2$cLAVORO FORME CONDIZIONI MERCATO ITALIA 1968-1989$2R 696 $aPaghe$aMonti salari 699 $aSalari$yPaghe 699 $aSalari$yMonti salari 700 1$aPredetti$b, Adalberto$3CFIV034882$4070$033308 801 3$aIT$bIT-000000$c19950512 850 $aIT-BN0095 $aIT-NA0079 901 $bNAP BN$cMAGAZZINO $nmagazzini correnti divisi per anni 901 $bNAP 01$cPOZZO LIB.$nVi sono collocati fondi di economia, periodici di ingegneria e scienze, periodici di economia e statistica e altri fondi comprendenti documenti di economia pervenuti in dono. 912 $aUFI0204125 950 0$aBiblioteca Centralizzata di Ateneo$c1 v.$d 01POZZO LIB.F. SANTI 327$e 0101 0060029985E VMA 1 v. (Precedente collocazione S 355)$fB $h20221108$i20221108 977 $a 01$a BN 996 $aOccupazione, retribuzione e reddito di lavoro in Italia$944686 997 $aUNISANNIO